~ KPOP DEMON HUNTERS QUIZ ~ - Statistics

General Stats
  • This quiz has been taken 1,310 times
  • The average score is 9 of 12
Answer Stats
Hint Answer % Correct
Leader of HUNTR/X Rumi
97%
He gave his life to Rumi Jinu
94%
Longest hair character Mira
92%
Youngest member of HUNTR/X Zoey
92%
lot of ABs... Abby
90%
The guy that never shows his full face Mystery
88%
~Goo Goo~ Ga Ga ~ Baby Saja
86%
The only member in Saja boys with pink hair Romance
85%
Boss of demons Gwi-Ma
78%
Kills People Demons
55%
Gived Rumi some tonics Han
33%
Demons from the sea Sea Demons
14%
No matching quizzes found
Score Distribution
Percent of People with Each Score
Percentile by Number Answered
Your Score History
You have not taken this quiz